The All England Law Reports Reprint : (Record no. 619520)

MARC details
000 -LEADER
fixed length control field 00615nam a2200205 a 4500
008 - FIXED-LENGTH DATA ELEMENTS--GENERAL INFORMATION
fixed length control field 260416s2026##################000#0#eng##
020 ## - INTERNATIONAL STANDARD BOOK NUMBER
ISBN 9780406000446
Paper back/Hardbound hbk
041 ## - LANGUAGE CODE
Language code of text/sound track or separate title eng
082 04 - DEWEY DECIMAL CLASSIFICATION NUMBER
Classification number 348.42 ALL(R)
245 10 - TITLE STATEMENT
Title The All England Law Reports Reprint :
Sub Title 1925
Statement of responsibility, etc /edited by G.F.L. Bridgman
250 ## - EDITION STATEMENT
Edition statement Revised and Annotated
260 ## - PUBLICATION, DISTRIBUTION, ETC. (IMPRINT)
Place of publication London
Name of publisher Butterworth & Co. (publishers) Ltd.
Year of publication 1959
300 ## - PHYSICAL DESCRIPTION
Number of Pages 724p. :
Dimensions 23cm.
650 ## - SUBJECT ADDED ENTRY--TOPICAL TERM
Topical Term Laws, regulations & cases
700 ## - ADDED ENTRY--PERSONAL NAME
Personal name Swingland, O. M. W.
Personal name Summerfield, Henry
Personal name Kidner, G. A.
942 ## - ADDED ENTRY ELEMENTS (KOHA)
Koha item type English Books
Holdings
Withdrawn status Lost status Damaged status Not for loan Home library Current library Shelving location Date acquired Full call number Accession Number Price effective from Koha item type
        Anna Centenary Library Anna Centenary Library 4TH FLOOR, A WING 16.04.2026 348.42 ALL(R) 401695 16.04.2026 English Books

Find us on the map